00462nam a2200193 a 4500001001300000003000900013005001700022008004100039020001000080082001700090100001400107245003200121260002900153300000800182500003500190505001000225650001900235700001400254nice12345678IN_TiNIC20260116011401.0050524s1893 iraa grp 000 0 per  ac10000a891.551bIBN aIbn, Imad aRozatul Muhibbinb Dehnamah aIranbMatba Sepehrc1893 a44p aincludes index and biblioraphy2 aIndex aPersian Poetry1 aIbn, Imad